00360nam a2200109Ia 4500008004100000050002700041245009400068300001300162650002900175980003100204999001500235151021s9999 xx 000 0 und d aJC 328.65 .K4H43 3009  a_Healing the Wound Personal narrative about the 2007 post election in Kenya Njogu kimani  ax,318p:  a_Post election violence  a^d20110923 11:38:59^okoech c8178d8178